LEADER 01064nam0-22003011i-450- 001 990007719400403321 035 $a000771940 035 $aFED01000771940 035 $a(Aleph)000771940FED01 035 $a000771940 100 $a20021010d--------km-y0itay50------ba 101 0 $aita 200 1 $a<>associazione in partecipazione. Disciplina civilistica. Effetti fiscali. Dichiarazione dei redditi$eraccolta dicasi pratici sugli art. da 2549 a 2554 del cod. civ. e sulla vigente normativa fiscale$fV. Calogero , M. Gagliardi 205 $a4. ed. 210 $aMilano$cPirola$d1986 215 $aIX, 212 p.$d23 cm 225 1 $aVademecum delle aziendee società$v 676 $a346.07 700 1$aVinci,$bCalogero$0107166 702 1$aGagliardi,$bMario 801 0$aIT$bUNINA$gRICA$2UNIMARC 901 $aBK 912 $a990007719400403321 952 $a13-CB-268$b4851$fDDCP 959 $aDDCP 996 $aAssociazione in partecipazione. Disciplina civilistica. Effetti fiscali. Dichiarazione dei redditi$9665876 997 $aUNINA DB $aGEN01